000
00317nam a22001337a 4500
008
180906b xxu||||| |||| 00| 0 eng d
020
_a
0876+206100
041
_a
eng
080
_a
574
100
_a
9
101
_a
MJE
245
_a
The Natural Environment Wastes And Control
_c
Christman,R,F
942
_2
udc
_c
BK
999
_c
47573
_d
47573